Development and applications of interactive multimedia TAPS (Technology Assisted Problem Solving) packages for engineering /
Saved in:
| 主要作者: | |
|---|---|
| 格式: | Thesis 圖書 |
| 語言: | English |
| 出版: |
2007.
|
| 主題: | |
| 在線閱讀: | http://dspace.fsktm.um.edu.my/handle/1812/474 |
| 標簽: |
添加標簽
沒有標簽, 成為第一個標記此記錄!
|
| LEADER | 01381cam a2200301 a 4500 | ||
|---|---|---|---|
| 001 | u763799 | ||
| 003 | SIRSI | ||
| 005 | 200901051008 | ||
| 008 | 090105s2007 my t 000 0 eng m | ||
| 040 | |a UMM | ||
| 043 | |a a-my--- | ||
| 090 | |a Z674 |b UMP 2007 Sid | ||
| 100 | 1 | |a Sidhu, Manjit Singh. | |
| 245 | 1 | 0 | |a Development and applications of interactive multimedia TAPS (Technology Assisted Problem Solving) packages for engineering / |c Manjit Singh Sidhu. |
| 260 | |a 2007. | ||
| 300 | |a xvi, 314 leaves : |b ill ; |c 30 cm. | ||
| 502 | |a Thesis (Ph.D.)-- Jabatan Sains Maklumat, Fakulti Sains Komputer dan Teknologi Maklumat, Universiti Malaya, 2007. | ||
| 504 | |a Bibliography: leaves 239-258. | ||
| 650 | 0 | |a Mechanical engineering |x Study and teaching (Higher) |z Malaysia |x Interactive multimedia. | |
| 650 | 0 | |a Problem solving |x Interactive multimedia. | |
| 650 | 0 | |a Engineering |x Problems, exercises, etc. |x Interactive multimedia. | |
| 650 | 0 | |a Mechanical engineering |x Study and teaching (Higher) |z Malaysia |x Computer-assisted instruction. | |
| 650 | 0 | |a Problem solving |x Computer-assisted instruction. | |
| 710 | 2 | |a Universiti Malaya. |b Jabatan Sains Maklumat. | |
| 856 | 4 | 1 | |u http://dspace.fsktm.um.edu.my/handle/1812/474 |
| 900 | |a ZSA-ZA | ||
| 596 | |a 1 | ||
| 999 | |a Z674 UMP 2007 SID |w LC |c 1 |i A513244116 |d 20/12/2015 |e 20/12/2015 |f 8/3/2010 |g 1 |l STACKS |m P01UTAMA |n 4 |r Y |s Y |t TESIS |u 8/3/2010 | ||
